03306cam a22003735i 4500999001700000001001000017003000300027005001700030008004100047015001900088016001800107020002600125020002300151040004100174082001900215245014200234246006400376264005300440300004000493336002100533337002500554338002300579500002000602504003100622505089100653520096401544650007602508700003802584700003602622700003402658856008402692942001202776952014402788 c27146d27118015874677Uk20190213152345.0110926s2012 enka frb 001 0 eng d aGBB1995912bnb7 a0158746772Uk a9781107651692 (pbk.)  a1107651697 (pbk.)  aStDuBDSbengcStDuBDSdUkdEG-ScBUE 04a172.4222bCRE04aThe credibility of transnational NGOs :bwhen virtue is not enough /c[edited by] Peter A. Gourevitch, David A. Lake, Janice Gross Stein.3 aCredibility of transnational non-governmental organizations 1aNew York :bCambridge University Press,cc.2012. ax, 234p. :billustrations ;c24 cm. atext2rdacontent aunmediated2rdamedia avolume2rdacarrier aIncludes index. aBibliography : p.208-221.8 aIntroduction; 1. Beyond virtue: evaluating and enhancing the credibility of non-governmental organizations Peter A. Gourevitch and David A. Lake; Part I. Monitoring NGOs: 2. Why believe international election monitors? Susan D. Hyde; 3. Credible certification of child labor free production Irfan Nooruddin and Sarah Wilson Sokhey; 4. Becoming a household name: how human rights NGOs establish credibility through organizational structure Wendy H. Wong; Part II. Humanitarian NGOs: 5. Dilemmas of information and accountability: foreign aid donors and local development NGOs Carew Boulding; 6. In defense of virtue: credibility, legitimacy dilemmas, and the case of Islamic relief Laura Thaut, Michael Barnett and Janice Gross Stein; 7. Monitoring repayment in online peer-to-peer lending Craig McIntosh; Conclusion; 8. Credibility and compromises Peter A. Gourevitch and David A. Lake. a"We rely on NGOs to monitor the ethical practices of governments and for-profit firms and to undertake many humanitarian tasks that public and private actors will not do. While we are critical of public and private sector failures, we do not reflect enough on the credibility of the NGOs which take their place. Can we be sure that products NGOs label as child-labor free are in fact so, that the coffee labeled as 'fair trade' is farmed in sustainable ways, or that the working conditions monitored by NGOs are safe and that the wages are reasonable? Can we know that humanitarian organizations are, in fact, using our donations to alleviate human suffering rather than pursuing other goals? This book explores the problems of establishing the credibility of NGO activities as they monitor working conditions, human rights and elections and provide finance through microcredit institutions, development aid and emergency assistance"--cProvided by publisher. 7aNon-governmental organizationsxMoral and ethical aspects2BUEsh9420081 aGourevitch, Peter Alexiseeditor.1 aLake, David A.,d1956-eeditor.1 aStein, Janice Gross.eeditor.423Cover imageuhttp://assets.cambridge.org/97811070/18044/cover/9781107018044.jpg 2ddccBB 00102ddc40708MERICaMAINbMAINcLOWd2019-02-13ePurchaseg196.15h000292l0o172.4 CREp000044185r2025-07-15 00:00:00w2019-02-13yBB